| 000 | 00000cam 2200000zi 4500 |
| 001 | 9.963258 |
| 003 | CaOODSP |
| 005 | 20260602141603 |
| 006 | m o d f |
| 007 | cr bn||||||||| |
| 008 | 260602e20260602onc ol f000 0 fre d |
| 040 | |aCaOODSP|bfre|erda|cCaOODSP |
| 041 | 0 |aeng|afre |
| 043 | |an-cn--- |
| 086 | 1 |aXB451-279/1-PDF |
| 110 | 1 |aCanada. |bParlement. |bChambre des communes, |eorganisme de publication. |
| 245 | 13|aAn Act to repeal the Clarity Act = |bLoi abrogeant la Loi de clarification. |
| 246 | 11|aLoi abrogeant la Loi de clarification |
| 264 | 1|a[Ottawa] : |bHouse of Commons of Canada = Chambre des communes du Canada, |cle 2 juin 2026. |
| 300 | |a1 ressource en ligne (ii, 1 page). |
| 336 | |atexte|btxt|2rdacontent/fre |
| 337 | |ainformatique|bc|2rdamedia/fre |
| 338 | |aressource en ligne|bcr|2rdacarrier/fre |
| 490 | 1 |aProjet de loi C-... ; |vProjet de loi C-279, 1re session, 45e législature |
| 500 | |a« Première session, quarante-cinquième législature, 3-4 Charles III, 2025-2026. » |
| 500 | |a« Première lecture le 2 juin 2026. » |
| 500 | |a« Mme Normandin. » |
| 520 | |a« Le texte abroge la Loi de clarification » -- Sommaire, page ii. |
| 546 | |aTexte en anglais et en français. |
| 650 | 6|aRelations fédérales-provinciales (Canada)|zQuébec (Province) |
| 650 | 6|aDroit constitutionnel|zCanada. |
| 650 | 6|aRéférendum|zQuébec (Province) |
| 650 | 6|aSécession|zQuébec (Province) |
| 655 | 7|aProjets de loi|2rvmgf |
| 788 | |tAn Act to repeal the Clarity Act = |eeng|w(CaOODSP)9.963257 |
| 830 | #0|aProjet de loi C-...|vProjet de loi C-279, 1re session, 45e législature.|w(CaOODSP)9.500660 |
| 856 | 40|qPDF|s66.0 Ko|uhttps://publications.gc.ca/collections/collection_2026/parl/XB451-279-1.pdf |
| 856 | 4 |qHTML|sS.O.|uhttps://www.parl.ca/documentviewer/fr/45-1/projet-loi/C-279/premiere-lecture |
| 986 | |a451198 |